Global economic crisis and the Slovak Republic

Uložené v:
Podrobná bibliografia
Hlavný autor: Lipková, Ľudmila
Médium: Kapitola
Jazyk:English
Predmet:
Tagy: Pridať tag
Žiadne tagy, Buďte prvý, kto otaguje tento záznam!

MARC

LEADER 00000nla$a2200000$$$4500
001 0126850
005 20240502083320.8
041 0 |a eng 
044 |a HU 
245 1 0 |a Global economic crisis and the Slovak Republic  |c Ľudmila Lipková 
610 2 0 |a kríza finančná 
610 2 0 |a kríza hospodárska 
610 2 0 |a politika hospodárska 
610 2 0 |a transformácia 
610 2 0 |a ukazovatele ekonomické 
610 2 0 |a Slovensko 
100 1 |a Lipková, Ľudmila